France all time starting xi - Statistics

General Stats
  • This quiz has been taken 267 times
    30 since last reset
  • The average score is 10 of 11
Answer Stats
Hint Answer % Correct
FW(2017- Kylian Mbappé
96%
DF(1989-2000 Laurent Blanc
96%
FW(2011-2024 Oliver Giroud
96%
MF(1994-2006 Zinedine Zidane
96%
GK(2008-2022 Hugo lloris
92%
DF(1994-2008 Lilian Thuram
92%
MF(2014-2024 Antoine Griezmann
88%
MF(1997-2009 Patrick Vieira
88%
FW(1997-2010 Thierry Henry
88%
DF(1993-2004 Marcel Desailly
84%
DF(1992-2004 Bixente Lizarazu
72%
No matching quizzes found
Score Distribution
Percent of People with Each Score
Percentile by Number Answered
Your Score History
You have not taken this quiz since the last reset